[Event "Marienbad Open-B1 2019"]
[Site "Marianske Lazne"]
[Date "2019.01.19"]
[Round "1.11"]
[White "Voinikonis, Nikita"]
[Black "Sernecki, Franciszek"]
[Result "0-1"]
[WhiteElo "2163"]
[BlackElo "2278"]
[Annotator "TA"]
[PlyCount "86"]
[EventDate "2019.01.17"]
[EventType "tourn"]
[EventCountry "CZE"]
[SourceTitle "playchess.com"]
[Source "ChessBase"]
[SourceQuality "1"]

{[%evp 22,86,0,-10,-10,-14,-13,-13,-5,-26,-29,-27,-23,-35,-29,-37,-30,-61,-45,-50,-22,-44,-32,-99,-42,-46,-44,-39,-23,-18,-19,-25,-8,-8,-9,-13,-12,-12,-6,-8,-5,-48,-41,-53,-48,-74,-76,-140,-152,-153,0,-134,-146,-152,-141,-287,-292,-777,-777,-738,-600,-649,-631,-29979,-29980,-29980,-29981]} 1. d4 d5 2. c4 e6 3. Nf3 Nf6 4. g3 dxc4 5. Bg2 c5 6. O-O Nc6 7. Qa4 Bd7 8. Qxc4 cxd4 9. Nxd4 Rc8 10. Nxc6 {E04: Open Catalan: 5 Nf3} (10. Nc3 Nxd4 11. Qxd4 Bc5 12. Qh4 h6 13. Bxb7 Rb8 14. Bf3 Rb4 15. Qh3 e5 16. Qg2 Qc8 17. a3 Rb6 18. Nd5 Nxd5 19. Bxd5 O-O 20. Qe4 Bd4 21. e3 Bf5 22. Qf3 Bg4 23. Qe4 Bf5 24. Qf3 Bg4 25. Qe4 Bf5 26. Qf3 {½-½ (26) Sargissian,G (2691)-Harikrishna,P (2743) Batumi 2018}) 10... Bxc6 11. Bxc6+ Rxc6 12. Qa4 {LiveBook: 3 Games. The position is equal.} a6 13. Nc3 Be7 {[%cal Bf8e7,Be7f6,Bf6e5][%mdl 32]} 14. Rd1 Qc8 15. Bg5 O-O 16. Qb3 $146 ({Predecessor:} 16. e4 h6 17. Be3 Rc4 {½-½ (38) Davis,A (1862)-Evans,N (1874) Cardiff 2014}) 16... h6 17. Bxf6 Bxf6 18. Ne4 Be5 19. Rd3 Qc7 20. Rb1 Rc4 21. Nd2 Rc2 22. Rd7 (22. Rc3 $15 Rxc3 23. bxc3) 22... Qxd7 ({Black should try} 22... Qc6 $17 23. Qd3 Rc8) 23. Qxc2 $15 Rc8 24. Qe4 $1 Qxd2 25. Qxe5 {[%mdl 4096] Endgame KQR-KQR} b5 26. a3 Rc2 27. Kf1 $1 g6 28. Qb8+ Kg7 29. Qe5+ Kh7 30. h4 h5 31. b3 Ra2 32. Re1 $1 Qb2 33. Qf4 Kg7 34. g4 (34. a4 $142) 34... Qxb3 $17 {White must now prevent ...Qh3+.} 35. gxh5 {[#]} Qh3+ $1 $40 {[%mdl 128] White needs to defend precisely.} ({And not} 35... gxh5 36. Qg5+ Kh7 37. Qxh5+ Kg8 38. Rc1 $11) 36. Kg1 Qf5 37. h6+ Kh7 38. Qg5 (38. Qd4 $17 e5 39. Qd8) 38... Rxa3 $19 39. e4 $2 (39. f3) 39... Qxg5+ 40. hxg5 b4 {[%cal Bb5b4,Bb4b3,Bb3b2][%mdl 32]} 41. Rd1 {If White can now play Rd7 this consolidates a bit.} b3 {[#] And now ...b2 would win.} 42. Rd7 b2 43. Rxf7+ Kg8 {Precision: White = 36%, Black = 79%.} 0-1

[Event "Marienbad Open-B1 2019"]
[Site "Marianske Lazne"]
[Date "2019.01.19"]
[Round "1.13"]
[White "Patil, Mitali"]
[Black "Gorbatov, Alexej"]
[Result "0-1"]
[WhiteElo "2062"]
[BlackElo "2389"]
[Annotator "TA"]
[PlyCount "120"]
[EventDate "2019.01.17"]
[EventType "tourn"]
[EventCountry "CZE"]
[SourceTitle "playchess.com"]
[Source "ChessBase"]
[SourceQuality "1"]

{[%evp 13,120,38,63,39,68,79,107,61,108,44,58,54,69,57,65,36,25,28,39,46,48,-18,-25,-193,-138,-116,-85,-132,-125,-125,-75,-125,-112,-137,-129,-150,-137,-136,-147,-147,-129,-134,-118,-139,-128,-161,-161,-161,-161,-164,-136,-128,-93,-85,-92,-95,-55,-210,-218,-216,-214,-213,-198,-213,-206,-264,-258,-213,-122,-140,-116,-138,-143,-181,-57,-58,-11,-13,-8,-194,-183,-191,-183,-183,-191,-391,-410,-920,-837,-1466,-1187,-864,-866,-1008,-237,-5173,-5157,-29980,-29976,-29979,-29980,-29980,-29981,-29982,-29983,-29984,-29985,-29984,-29985]} 1. e4 g6 2. d4 Bg7 3. Nc3 c6 4. Nf3 d6 5. Be3 b5 6. Bd3 Nd7 7. Qd2 Bb7 {LiveBook: 81 Games. B06: Modern Defence} (7... b4 8. Ne2 c5 9. dxc5 Nxc5 10. Bxc5 dxc5 11. Bb5+ Bd7 12. Bxd7+ Qxd7 13. Qxd7+ Kxd7 14. O-O-O+ Kc6 15. Kb1 {½-½ (35) Giri,A (2782)-Mamedyarov,S (2801) chess.com INT 2018}) 8. h4 h6 9. O-O-O a6 {White is better.} 10. Rhe1 $146 ({Predecessor:} 10. e5 dxe5 11. dxe5 Nxe5 12. Nxe5 Bxe5 13. f4 Bg7 14. h5 gxh5 15. Ne4 {½-½ (66) Atakisi,U (2337)-Popchev,M (2482) Antalya 2001}) 10... Qc7 {[#]} 11. Kb1 (11. e5 $1 $16) 11... e5 12. dxe5 dxe5 13. Nh2 O-O-O 14. f4 Ngf6 15. Qf2 exf4 16. Bxf4 Ne5 17. Qa7 (17. Be2 $14) 17... Nh5 $11 18. Qf2 $2 (18. Bxe5 $1 $11 Bxe5 19. Nf3) 18... Nxf4 ({Black should play} 18... Nxd3 $19 19. Bxc7 Nxf2 20. Rxd8+ Rxd8 21. Bxd8 Kxd8) 19. Qxf4 $17 Nd7 20. Qxc7+ Kxc7 21. Rf1 Ne5 22. Be2 Bc8 23. Rxd8 Rxd8 24. Rd1 h5 25. Rxd8 Kxd8 26. Kc1 Bf6 27. g3 Be6 28. a3 Bg7 29. Kd1 Ke7 30. Ke1 Kd6 31. Nd1 Nd7 32. Nf3 Nc5 33. Ng5 Be5 34. Kf2 Ba2 35. Bd3 $2 (35. b3 $1 $15 Ke7 36. Nf3) 35... Nxd3+ $19 36. cxd3 {[%mdl 4096] Endgame KBB-KNN} Bb3 37. Nc3 c5 {aiming for ...b4.} 38. Nf3 Bg7 39. Nd2 Be6 40. Nf3 f6 (40... Bg4 $19 41. Nd1 a5) 41. d4 cxd4 42. Nxd4 Bc4 43. Nce2 Bf7 (43... Ke5 $19 44. Ke3 Bxe2 45. Nxe2 f5 46. exf5 Kxf5) 44. b4 $15 Ke5 45. Kf3 Be8 46. Nb3 $2 {[#]} (46. Ke3 $11 {and White stays safe.}) 46... Bc6 $1 $19 47. Nc5 f5 48. Nxa6 fxe4+ ({Don't play} 48... Bxe4+ 49. Kf2 $15) 49. Ke3 $2 (49. Kf2 {only move.}) 49... Bh6+ 50. Nf4 (50. Kf2 $142 Bd2 51. Nc5) 50... g5 51. hxg5 Bxg5 52. Nc5 h4 53. Nce6 h3 $2 (53... Bxf4+ 54. Nxf4 hxg3) 54. Kf2 $2 {[#]} (54. Nxg5 h2 55. Nf3+ exf3 56. Nd3+ Kd5 57. Nf2) 54... e3+ $1 {[%mdl 512]} 55. Kg1 (55. Kxe3 h2) 55... Bh6 {Black mates.} 56. Kh2 Bxf4 57. Nxf4 Bd7 58. Ne2 Ke4 59. Nc3+ Kf3 60. g4 Kxg4 {Accuracy: White = 26%, Black = 50%.} 0-1

[Event "Marienbad Open-B1 2019"]
[Site "Marianske Lazne"]
[Date "2019.01.19"]
[Round "1.14"]
[White "Florstedt, Johannes"]
[Black "Nagy, Gabor"]
[Result "0-1"]
[WhiteElo "2320"]
[BlackElo "2479"]
[Annotator "TA"]
[PlyCount "86"]
[EventDate "2019.01.17"]
[EventType "tourn"]
[EventCountry "CZE"]
[SourceTitle "playchess.com"]
[Source "ChessBase"]
[SourceQuality "1"]

{[%evp 21,86,26,25,0,0,0,0,-66,-70,-83,-27,-30,-13,-116,-83,-110,-124,-145,-16,-196,0,-14,83,97,139,151,139,141,154,125,229,221,286,277,266,39,156,113,90,-82,-87,-80,-81,-86,-74,-153,-150,-172,-139,-177,-177,-470,-472,-555,-471,-455,-465,-29991,-29985,-29993,-29994,-29994,-29993,-29993,-1690,-29993,-1572]} 1. e4 c5 2. Nf3 e6 3. d4 cxd4 4. Nxd4 Nc6 5. Nc3 Qc7 6. Be3 Nf6 7. Qf3 {B48: Sicilian: Taimanov: 5 Nc3 Qc7 6 Be3 a6 without Be2} a6 8. O-O-O d6 9. Nxc6 Qxc6 10. g4 {[%cal Bg2g4,Bg4g5][%mdl 32]} Nd7 11. g5 b5 {[%cal Bb7b5,Bb5b4][%mdl 32] LiveBook: 4 Games} 12. Qh3 $146 ({Predecessor:} 12. a3 Bb7 13. Qh3 Rc8 14. g6 Nf6 {0-1 (55) Durarbayli,V (2629)-Cori Tello,J (2664) Saint Louis 2018}) 12... b4 13. Ne2 e5 14. Ng3 (14. Qg2 $11) 14... Nc5 $15 15. Qg2 Na4 (15... Be6 $1 $17 16. Bxc5 Qxc5) 16. f4 Be6 17. b3 (17. Qe2 $11 {remains equal.}) 17... Qc3 18. Qf2 {Strongly threatening f5.} Qb2+ 19. Kd2 {aiming for f5.} exf4 (19... Rc8 $17 20. Bd3 Nc3) 20. Bd4 $2 (20. Qxf4 $11 {and White is okay.} Nc3 21. Bd4) 20... Nc3 $2 ({Inferior is} 20... Qxa2 21. Ra1 $16) ({Black should try} 20... fxg3 $19 21. Bxb2 gxf2 22. bxa4 h6) 21. Qxf4 $11 Qxa2 (21... h6 $1 $11 {keeps the balance.}) 22. Bd3 $1 $16 Nxd1 23. Rxd1 {Black must now prevent Ra1.} Qa5 24. Ra1 $1 {[%cal Ra1a5]} Qd8 25. Nf5 $1 Rg8 (25... h6 $16 {was necessary.}) 26. Bxa6 $18 Rb8 27. h4 g6 28. Bf6 $2 (28. Bd3 $18) 28... Qb6 (28... Qc7 $1 $14) 29. Ne3 Be7 30. Nd5 $2 (30. Bb2 $1 $16 {stays on course.}) 30... Bxd5 $1 $17 31. exd5 Bxf6 32. Qxf6 Kf8 33. Bb5 {[#]} (33. Rf1 $142 Rg7 34. Re1) 33... Qd8 $1 ({And not} 33... Qxb5 34. Qxd6+ Kg7 35. Qe5+ Kf8 36. Qd6+ Kg7 37. Qe5+ Kf8 38. Qd6+ $11) 34. Qf1 Kg7 35. Ra7 Rf8 36. Rd7 $2 (36. Bc6) 36... Qb6 $19 37. Qf6+ Kg8 38. Bc6 Rbe8 {( -> ...Qe3+)} 39. Qf4 (39. Re7 $19 Rxe7 40. Qxe7) 39... Qc5 40. Qf3 Qd4+ 41. Qd3 Qf4+ 42. Kd1 Re3 (42... Qf2 $142 43. Re7 Rxe7 44. Kc1 Re1+ 45. Qd1 Qf4+ 46. Kb2 Rxd1 47. Bd7 Qe5+ 48. Ka2 Qa1#) 43. Qc4 Re4 {Precision: White = 28%, Black = 46%.} (43... Qf3+ $142 44. Kd2 {[#]} Re1 $1 {[%mdl 512]} 45. Kxe1 Re8+ 46. Re7 Rxe7+ 47. Qe4 Rxe4+ 48. Kd2 Qe3+ 49. Kd1 Qe1#) 0-1

[Event "Marienbad Open-B1 2019"]
[Site "Marianske Lazne"]
[Date "2019.01.19"]
[Round "1.15"]
[White "Kornitzky, Tino"]
[Black "Baum, Jonasz"]
[Result "0-1"]
[WhiteElo "2133"]
[BlackElo "2302"]
[Annotator "TA"]
[PlyCount "70"]
[EventDate "2019.01.17"]
[EventType "tourn"]
[EventCountry "CZE"]
[SourceTitle "playchess.com"]
[Source "ChessBase"]
[SourceQuality "1"]

{[%evp 12,70,36,21,51,53,46,46,45,33,44,41,59,60,40,19,14,0,6,9,9,-102,-118,-126,-135,-171,-109,-126,-59,-186,-179,-244,-247,-267,-214,-205,-209,-209,-209,-209,-210,-207,-209,-233,-233,-233,-234,-281,-204,-220,-239,-609,-262,-537,-539,-739,-740,-694,-593,-593,-593]} 1. d4 d5 2. c4 e6 3. g3 Nf6 4. Bg2 dxc4 5. Nf3 Bb4+ 6. Bd2 c5 {E04: Open Catalan: 5 Nf3} 7. Qc1 {LiveBook: 21 Games} b5 $146 ({Predecessor:} 7... O-O 8. O-O b5 9. a4 Bb7 10. axb5 a6 11. bxa6 Rxa6 12. Rxa6 Bxa6 13. dxc5 Bxc5 14. Nc3 Nbd7 15. Be3 Qb6 16. Bxc5 Nxc5 17. Ne5 Ncd7 {½-½ (17) Cheparinov,I (2690)-Mamedyarov,S (2735) Kocaeli 2015}) 8. a3 Bxd2+ {White is slightly better.} 9. Nfxd2 Nd5 10. dxc5 Bb7 11. Nc3 Bc6 12. O-O O-O 13. Nce4 Nd7 14. b3 f5 15. bxc4 bxc4 16. Nc3 (16. Nd6 $11 {keeps the balance.}) 16... Nxc5 $17 17. Nxd5 Bxd5 18. Rb1 Bxg2 (18... Rc8 $19 19. Bxd5 exd5) 19. Kxg2 {[#]} Qd5+ (19... Rc8 $1 $17 20. Rd1 Na4) 20. Kg1 (20. f3 $15) 20... Rac8 $19 21. Rb4 {[#]} (21. Nf3 $142) 21... c3 $1 {[%cal Rc3d2][%mdl 512]} 22. Nf3 {[#]} (22. Qxc3 Ne4) 22... c2 $1 {[%mdl 512]} 23. Qxc2 {Strongly threatening Rc4.} Na6 24. Qa4 Nxb4 25. axb4 Rc4 26. Qxa7 Rxb4 27. Qe7 Rb7 28. Qa3 Rfb8 29. Kg2 e5 {[%cal Be6e5,Be5e4,Be4e3][%mdl 32]} 30. Qe3 e4 31. Nd2 $2 (31. Ng1) 31... Rd8 (31... Rb2 $142 32. Rd1 Rc8) 32. Nb1 $2 (32. Rb1) 32... Rb3 {Black is clearly winning.} 33. Qg5 e3+ 34. f3 Rdb8 35. Qe7 Qf7 {Precision: White = 20%, Black = 69%.} 0-1

[Event "Marienbad Open-B1 2019"]
[Site "Marianske Lazne"]
[Date "2019.01.20"]
[Round "2"]
[White "Nagy, Gabor"]
[Black "Kornitzky, Tino"]
[Result "1-0"]
[WhiteElo "2479"]
[BlackElo "2133"]
[Annotator "TA"]
[PlyCount "81"]
[EventDate "2019.01.17"]
[EventType "tourn"]
[EventCountry "CZE"]
[SourceTitle "playchess.com"]
[Source "ChessBase"]
[SourceQuality "1"]

{[%evp 16,81,36,25,35,35,43,25,43,30,33,28,35,33,42,2,11,6,16,0,28,25,31,37,20,17,27,19,27,0,0,-64,40,-19,-30,-23,-34,-43,140,147,117,0,0,0,0,-12,0,0,0,-47,-43,-68,-49,-48,18,17,217,201,745,709,29991,6604,6219,6203,2820,2821,29997,29998]} 1. d4 Nf6 2. c4 e6 3. Nf3 d5 4. Nc3 Nbd7 5. Bg5 c6 6. e3 Qa5 7. cxd5 Nxd5 8. Qd2 Bb4 9. Rc1 Nxc3 {D52: Queen's Gambit Declined: Cambridge Springs Variation} 10. bxc3 Ba3 11. Rb1 b6 {White has an edge.} 12. Bd3 Ba6 13. O-O Bxd3 14. Qxd3 O-O 15. e4 {[#]} Rfe8 $146 ({Predecessor:} 15... e5 16. Bh4 Rac8 17. Nd2 {1-0 (34) Can,E (2519)-Vajda,L (2601) Albena 2014}) 16. e5 h6 17. Be3 Rad8 18. Qe4 Qd5 19. Qg4 Kh7 20. Qh5 Kg8 21. Nd2 {aiming for Rb3.} b5 22. Rbe1 Bf8 23. f4 (23. Qg4 $11 Kh8 24. Qh5) 23... Nb6 (23... Qxa2 $15 24. Ra1 Qc2) 24. Bf2 (24. f5 $14) 24... Qxa2 25. Ne4 Nd5 26. Bh4 Ra8 $2 (26... Rd7 $15 {keeps the upper hand.}) 27. f5 $16 exf5 28. Qxf5 ({Only move:} 28. Rxf5 $16 g6 {[%mdl 64] Double Attack} 29. Qg4) 28... Ne7 $11 29. Qf3 {[#] Hoping for e6!} Ng6 30. Bg3 Qe6 31. h4 $36 {[%cal Bh2h4,Bh4h5][%mdl 2080] White is pushing.} Be7 32. h5 Nf8 $1 33. Qd1 Qd5 34. Rf5 Ne6 (34... Nh7 $15) 35. Qg4 $1 {Threatens to win with Nf6+.} Qc4 $2 {[#]} (35... Bg5 $1 $11) 36. Nf6+ $1 $18 Bxf6 $2 (36... Kh8) 37. exf6 {Threatening mate with Rxe6!} Ng5 38. Rxg5 (38. Rxe8+ $142 Rxe8 39. Rxg5 Kh8 40. Rc5 gxf6 41. Rxc4 bxc4 42. Qd7 Re3 43. Bf4 Re1+ 44. Kh2) 38... Rxe1+ 39. Bxe1 hxg5 40. Qxg5 {[%csl Gf6][%cal Rg5g7]} g6 41. Qh6 {Accuracy: White = 46%, Black = 39%.} 1-0

[Event "Marienbad Open-B1 2019"]
[Site "Marianske Lazne"]
[Date "2019.01.20"]
[Round "2"]
[White "Gorbatov, Alexej"]
[Black "Florstedt, Johannes"]
[Result "0-1"]
[WhiteElo "2389"]
[BlackElo "2320"]
[Annotator "ChessBase"]
[PlyCount "66"]
[EventDate "2019.01.17"]
[EventType "tourn"]
[EventCountry "CZE"]
[SourceTitle "playchess.com"]
[Source "ChessBase"]
[SourceQuality "1"]
[TimeControl "40/5400+30:1800+30"]

1. e4 {[%emt 0:00:00]} c5 {[%emt 0:00:00]} 2. d3 {[%emt 0:00:00]} Nc6 {[%emt 0:00:00]} 3. Be3 {[%emt 0:01:11]} Nf6 {[%emt 0:04:46]} 4. Nd2 {[%emt 0:02:07]} e6 {[%emt 0:00:33]} 5. f4 {[%emt 0:03:06]} h5 {[%emt 0:08:03]} 6. Ngf3 {[%emt 0:08:19]} d5 {[%emt 0:04:45]} 7. Be2 {[%emt 0:02:56]} d4 {[%emt 0:06:50]} 8. Bf2 {[%emt 0:04:49]} Ng4 {[%emt 0:04:55]} 9. O-O {[%emt 0:01:12]} Qc7 {[%emt 0:03:34]} 10. g3 {[%emt 0:08:48]} Be7 {[%emt 0:00:57]} 11. h4 {[%emt 0:04:22]} Bd7 {[%emt 0:07:18]} 12. Ng5 {[%emt 0:02:58]} f6 {[%emt 0:06:17]} 13. Nh3 {[%emt 0:04:44]} g5 {[%emt 0:01:17]} 14. hxg5 {[%emt 0:09:49]} fxg5 {[%emt 0:01:00]} 15. c3 {[%emt 0:19:24]} O-O-O {[%emt 0:04:58]} 16. cxd4 {[%emt 0:20:34]} cxd4 {[%emt 0:00:15]} 17. Kg2 {[%emt 0:02:26]} Nxf2 {[%emt 0:21:57]} 18. Rxf2 {[%emt 0:00:09]} Rdg8 {[%emt 0:01:21]} 19. Bxh5 {[%emt 0:01:31]} gxf4 {[%emt 0:00:56]} 20. Nxf4 {[%emt 0:00:33]} Bd6 {[%emt 0:00:21]} 21. Ng6 {[%emt 0:00:58]} Rh6 {[%emt 0:00:12]} 22. Qg4 {[%emt 0:00:24]} Rhxg6 {[%emt 0:10:53]} 23. Bxg6 {[%emt 0:00:02]} Ne5 {[%emt 0:00:14]} 24. Qd1 {[%emt 0:01:03]} Nxg6 {[%emt 0:00:47]} 25. Rc1 {[%emt 0:00:01]} Bc6 {[%emt 0:00:09]} 26. Qb3 {[%emt 0:00:54]} Qe7 {[%emt 0:00:54]} 27. Nf3 {[%emt 0:00:30]} Bxg3 {[%emt 0:05:51]} 28. Rfc2 {[%emt 0:00:01]} Nh4+ {[%emt 0:01:04]} 29. Nxh4 {[%emt 0:00:34]} Bxh4+ {[%emt 0:00:10]} 30. Kh1 {[%emt 0:00:22]} Bg3 {[%emt 0:01:54]} 31. Rg2 {[%emt 0:00:47]} Qh4+ {[%emt 0:00:52]} 32. Kg1 {[%emt 0:00:02]} Bh2+ {[%emt 0:00:58]} 33. Kf1 {[%emt 0:00:21]} Qf4+ {[%emt 0:00:07]} 0-1

[Event "Marienbad Open-B1 2019"]
[Site "Marianske Lazne"]
[Date "2019.01.20"]
[Round "2"]
[White "Jasny, Stanislav"]
[Black "Patil, Mitali"]
[Result "1-0"]
[WhiteElo "2365"]
[BlackElo "2062"]
[Annotator "ChessBase"]
[PlyCount "59"]
[EventDate "2019.01.17"]
[EventType "tourn"]
[EventCountry "CZE"]
[SourceTitle "playchess.com"]
[Source "ChessBase"]
[SourceQuality "1"]
[TimeControl "40/5400+30:1800+30"]

1. d4 {[%emt 0:00:00]} d5 {[%emt 0:00:00]} 2. c4 {[%emt 0:00:00]} e6 {[%emt 0:00:00]} 3. Nc3 {[%emt 0:00:21]} Nf6 {[%emt 0:00:00]} 4. cxd5 {[%emt 0:00:43]} exd5 {[%emt 0:00:00]} 5. Bg5 {[%emt 0:00:11]} c6 {[%emt 0:00:00]} 6. e3 {[%emt 0:00:19]} Be7 {[%emt 0:00:00]} 7. Bd3 {[%emt 0:00:15]} Nbd7 {[%emt 0:00:08]} 8. Qc2 {[%emt 0:00:14]} h6 {[%emt 0:00:15]} 9. Bf4 {[%emt 0:01:57]} Nh5 {[%emt 0:07:56]} 10. Nf3 {[%emt 0:09:34]} Nxf4 {[%emt 0:05:15]} 11. exf4 {[%emt 0:00:05]} b6 {[%emt 0:05:23]} 12. Ne5 {[%emt 0:02:04]} Bb7 {[%emt 0:02:27]} 13. O-O-O {[%emt 0:06:19]} O-O {[%emt 0:05:57]} 14. Kb1 {[%emt 0:01:35]} Bf6 {[%emt 0:17:10]} 15. Bf5 {[%emt 0:03:54]} Bxe5 {[%emt 0:03:32]} 16. fxe5 {[%emt 0:01:17]} Re8 {[%emt 0:04:49]} 17. h4 {[%emt 0:05:20]} Nf8 {[%emt 0:03:35]} 18. f4 {[%emt 0:00:49]} Ne6 {[%emt 0:03:26]} 19. Bxe6 {[%emt 0:01:20]} fxe6 {[%emt 0:00:53]} 20. g4 {[%emt 0:00:23]} Kf7 {[%emt 0:03:22]} 21. f5 {[%emt 0:07:13]} Bc8 {[%emt 0:06:10]} 22. f6 {[%emt 0:01:42]} g6 {[%emt 0:07:30]} 23. h5 {[%emt 0:02:15]} Rg8 {[%emt 0:00:04]} 24. g5 {[%emt 0:01:19]} Qf8 {[%emt 0:00:52]} 25. Rdg1 {[%emt 0:01:48]} Ba6 {[%emt 0:09:52]} 26. gxh6 {[%emt 0:07:18]} Qxh6 {[%emt 0:01:50]} 27. hxg6+ {[%emt 0:00:10]} Rxg6 {[%emt 0:00:04]} 28. Rxh6 {[%emt 0:00:30]} Rxg1+ {[%emt 0:00:12]} 29. Nd1 {[%emt 0:00:06]} Rag8 {[%emt 0:00:53]} 30. Qh7+ {[%emt 0:00:43]} 1-0

[Event "Marienbad Open-B1 2019"]
[Site "Marianske Lazne"]
[Date "2019.01.20"]
[Round "2"]
[White "Sernecki, Franciszek"]
[Black "Baum, Jonasz"]
[Result "1/2-1/2"]
[WhiteElo "2278"]
[BlackElo "2302"]
[Annotator "ChessBase"]
[PlyCount "139"]
[EventDate "2019.01.17"]
[EventType "tourn"]
[EventCountry "CZE"]
[SourceTitle "playchess.com"]
[Source "ChessBase"]
[SourceQuality "1"]
[TimeControl "40/5400+30:1800+30"]

1. c4 {[%emt 0:00:00]} e6 {[%emt 0:00:00]} 2. e4 {[%emt 0:00:00]} d5 {[%emt 0:01:53]} 3. exd5 {[%emt 0:00:00]} exd5 {[%emt 0:00:04]} 4. d4 {[%emt 0:00:01]} Nf6 {[%emt 0:00:43]} 5. Nc3 {[%emt 0:00:07]} Be7 {[%emt 0:01:51]} 6. Nf3 {[%emt 0:00:17]} O-O {[%emt 0:00:24]} 7. Bd3 {[%emt 0:00:06]} dxc4 {[%emt 0:01:11]} 8. Bxc4 {[%emt 0:00:12]} Bg4 {[%emt 0:06:12]} 9. Be3 {[%emt 0:01:33]} Nc6 {[%emt 0:00:57]} 10. O-O {[%emt 0:02:19]} Nb4 {[%emt 0:10:22]} 11. Rc1 {[%emt 0:29:40]} c6 {[%emt 0:02:24]} 12. Re1 {[%emt 0:05:15]} Nbd5 {[%emt 0:02:37]} 13. Bg5 {[%emt 0:01:56]} h6 {[%emt 0:07:30]} 14. Bh4 {[%emt 0:03:07]} Re8 {[%emt 0:09:32]} 15. Qd3 {[%emt 0:07:18]} Nf4 {[%emt 0:09:05]} 16. Qe3 {[%emt 0:10:33]} Bxf3 {[%emt 0:10:16]} 17. Qxf4 {[%emt 0:07:18]} Bh5 {[%emt 0:01:53]} 18. Re5 {[%emt 0:03:50]} Bg6 {[%emt 0:07:27]} 19. Rce1 {[%emt 0:06:22]} Qd7 {[%emt 0:01:08]} 20. h3 {[%emt 0:11:29]} Kh7 {[%emt 0:08:25]} 21. Qd2 {[%emt 0:05:02]} Bd6 {[%emt 0:01:36]} 22. Bxf6 {[%emt 0:00:36]} Bxe5 {[%emt 0:01:00]} 23. Bxe5 {[%emt 0:00:15]} f6 {[%emt 0:00:10]} 24. Bg3 {[%emt 0:01:00]} Rxe1+ {[%emt 0:00:05]} 25. Qxe1 {[%emt 0:00:01]} Qxd4 {[%emt 0:00:13]} 26. Bb3 {[%emt 0:01:15]} Re8 {[%emt 0:00:53]} 27. Qd1 {[%emt 0:00:36]} c5 {[%emt 0:05:28]} 28. Bc2 {[%emt 0:01:32]} Qxd1+ {[%emt 0:03:04]} 29. Bxd1 b5 30. f3 {[%emt 0:01:54]} Rd8 {[%emt 0:02:52]} 31. Be2 a6 {[%emt 0:03:07]} 32. Bf4 {[%emt 0:01:47]} b4 {[%emt 0:01:21]} 33. Na4 {[%emt 0:00:30]} c4 {[%emt 0:00:13]} 34. Kf2 {[%emt 0:00:33]} Bb1 {[%emt 0:01:24]} 35. a3 {[%emt 0:00:31]} Bc2 {[%emt 0:00:19]} 36. Nc5 {[%emt 0:00:28]} c3 {[%emt 0:00:36]} 37. Bc1 {[%emt 0:00:27]} bxa3 {[%emt 0:01:38]} 38. bxa3 {[%emt 0:00:23]} Rb8 {[%emt 0:00:16]} 39. Bxa6 {[%emt 0:00:45]} Rb1 {[%emt 0:00:44]} 40. Bd3+ {[%emt 0:00:28]} Kh8 {[%emt 0:00:23]} 41. Be3 {[%emt 0:30:30]} Bxd3 {[%emt 0:30:31]} 42. Nxd3 {[%emt 0:00:05]} Rb2+ {[%emt 0:00:24]} 43. Kf1 {[%emt 0:00:41]} Ra2 {[%emt 0:00:34]} 44. Bc1 {[%emt 0:00:12]} Kg8 {[%emt 0:00:25]} 45. g3 {[%emt 0:00:39]} Kf7 {[%emt 0:00:10]} 46. Ke1 {[%emt 0:00:38]} Rg2 {[%emt 0:00:36]} 47. g4 {[%emt 0:00:29]} Rg3 {[%emt 0:00:35]} 48. Kf2 {[%emt 0:00:27]} Rxh3 {[%emt 0:00:04]} 49. Kg2 {[%emt 0:00:08]} Rh4 {[%emt 0:00:05]} 50. Be3 {[%emt 0:00:36]} Ke6 {[%emt 0:01:30]} 51. Bf2 {[%emt 0:00:53]} g5 {[%emt 0:00:01]} 52. Bxh4 {[%emt 0:00:32]} gxh4 {[%emt 0:00:01]} 53. Kf2 {[%emt 0:00:37]} Kd5 {[%emt 0:00:08]} 54. a4 {[%emt 0:00:32]} Kc4 {[%emt 0:00:13]} 55. Ke2 {[%emt 0:00:24]} h3 {[%emt 0:00:00]} 56. Nf2 {[%emt 0:00:00]} Kb3 {[%emt 0:00:00]} 57. Kf1 {[%emt 0:00:00]} Kxa4 {[%emt 0:00:00]} 58. Kg1 {[%emt 0:00:00]} Kb3 {[%emt 0:00:00]} 59. Kh2 {[%emt 0:00:00]} c2 {[%emt 0:00:00]} 60. Nd3 {[%emt 0:00:00]} Kc3 {[%emt 0:00:00]} 61. Nc1 {[%emt 0:00:00]} Kd2 {[%emt 0:00:00]} 62. Nb3+ {[%emt 0:00:00]} Kc3 {[%emt 0:00:00]} 63. Nc1 {[%emt 0:00:00]} Kd2 {[%emt 0:00:00]} 64. Na2 {[%emt 0:00:00]} Ke3 {[%emt 0:00:00]} 65. Kxh3 {[%emt 0:00:00]} Kxf3 {[%emt 0:00:00]} 66. Nc1 {[%emt 0:00:00]} Kf4 {[%emt 0:00:00]} 67. Ne2+ {[%emt 0:00:00]} Kg5 {[%emt 0:00:00]} 68. Kg3 {[%emt 0:00:00]} h5 {[%emt 0:00:00]} 69. gxh5 {[%emt 0:00:00]} Kxh5 {[%emt 0:00:00]} 70. Kf4 {[%emt 0:00:00]} 1/2-1/2